Plants vs. Zombies Garden Warfare - Statistics

General Stats
  • This quiz has been taken 111 times
  • The average score is 35 of 123
Answer Stats
Answer % Correct
Peashooter
98%
Fire Pea
87%
Ice Pea
87%
Toxic Pea
85%
Plasma Pea
79%
Chomper
74%
Sunflower
74%
Agent Pea
71%
Commando Pea
68%
Cactus
66%
Electro Pea
65%
Fire Chomper
63%
Rock Pea
63%
Law Pea
61%
Toxic Chomper
60%
Kernel Corn
56%
Hot Rod Chomper
52%
Fire Flower
50%
Rose
50%
Vampire Flower
50%
Fire Cactus
47%
Citron
45%
Ice Cactus
45%
Future Cactus
42%
Yeti Chomper
42%
Camo Cactus
40%
Stuffy Flower
40%
Count Chompula
39%
Metal Petal
39%
Power Chomper
39%
BBQ Corn
37%
Alien Flower
35%
Power Flower
35%
Bandit Cactus
34%
Chomp Thing
34%
Fire Rose
34%
Mystic Flower
34%
Scientist
34%
Party Corn
32%
All-Star
31%
Armor Chomper
31%
Commando Corn
31%
Engineer
31%
Jade Cactus
31%
Party Rose
31%
Pops Corn
31%
Power Cactus
31%
Shadow Flower
31%
Berry Shooter
29%
Disco Chomper
29%
Zen Cactus
29%
Party Citron
27%
Toxic Citron
27%
Chester Chomper
26%
Imp
26%
Petrified Cactus
26%
Sun Pharaoh
26%
Super Brainz
26%
Unicorn Chomper
26%
Mob Cob
24%
Twilight Chomper
24%
Iron Citron
23%
Citrus Cactus
21%
Frost Rose
21%
Nec'Rose
21%
Arctic Trooper
19%
Electro Citron
19%
Toxic Brainz
19%
Frozen Citron
18%
Party Imp
18%
Z7 Imp
18%
Captain Deadbeard
16%
S.H.R.IMP
16%
Centurion
15%
Electro Brainz
15%
Mechanic
15%
Party Brainz
15%
Rugby Star
15%
Super Commando
15%
Tank Commander
15%
Wrestling Star
15%
Breakfast Brainz
13%
Computer Scientist
13%
Cozmic Brainz
13%
Dr. Chester
13%
General Supremo
13%
Lil' Drake
13%
Plumber
13%
Pylon Imp
13%
Astronaut
11%
Camo Ranger
11%
Chemist
11%
Cricket Star
11%
Goalie Star
11%
Golf Star
11%
Hockey Star
11%
Marine Biologist
11%
Sanitation Expert
11%
Scuba Soldier
11%
Tennis Star
11%
Welder
11%
Zoologist
11%
AC Perry
10%
Baseball Star
10%
Captain Cannon
10%
Captain Flameface
10%
Dr. Toxic
10%
Electrician
10%
Foot Solider
10%
Landscaper
10%
Moto-X Star
10%
Park Ranger
10%
Roadie Z
10%
Scallywag
10%
Sky Trooper
10%
Painter
8%
Physicist
8%
Archaeologist
6%
Captain Partyman
6%
Captain Squawk
6%
Paleontologist
6%
Captain Sharkbite
5%
Druid Roe
2%
No matching quizzes found
Score Distribution
Percent of People with Each Score
Percentile by Number Answered
Your Score History
You have not taken this quiz